000 00508nam a2200181Ia 4500
008 260601s2022 xx 000 0 und d
020 _a978-93-89769-36-4
041 _aeng
082 _a005.133/YAD
100 _aYADAV RAKESH.K
245 _aZERO TO MASTERY IN PYTHON PROGRAMMING
_bBEGINNER ADVANCED GUIDE TO PRACTICALS
250 _a2nd ed
260 _aNEW DELHI
_bVAYU EDUCTAION OF INDIA
_c2022
300 _aP.B,XVII,243
650 _aMBA
700 _aARUKANDA SRINIVAS
700 _aSINGH MANU
999 _c1222337
_d1222337